| 000 | 00558nam a22001577a 4500 | ||
|---|---|---|---|
| 020 | _qHard Cover. | ||
| 082 | _a621.3 | ||
| 100 | _aHassan Ahmed Bukhari, Syed | ||
| 245 |
_aHeat Rate Variability (HRV) Analysis for the Identification of Cardiac Arrhythmias / _cSyed Hassan Ahmed Bukhari |
||
| 260 |
_aIslamabad : _bCEME - NUST, _c2017. |
||
| 300 |
_a136 p. : ill. ; _c30cm. |
||
| 650 |
_aElectrical Engineering-MS-Thesis. _916073 |
||
| 700 |
_aDr. Syed M. Tahir Zaidi. _929746 |
||
| 942 |
_2ddc _cTHE |
||
| 999 |
_c537880 _d537880 |
||